000 00468nam a22001577a 4500
005 20260511054706.0
008 260511b |||||||| |||| 00| 0 eng d
020 _a9789998059627
082 _a628.5 DHR c4
100 _aDhratyul Dorji
245 _aHercules of Tongchudrak :
_blearnings to unlearn and relearn to build a great nation.
260 _aThimphu :
_bAlu Quchu Publishing,
_c2023.
300 _ap. 514;
_c30 Cm.
942 _2ddc
_cMAIN
999 _c10561
_d10562